Statistiques concernant Les films avec des extraterrestres

Cliquez ici pour prendre le quiz!

Statistiques générales

  • Ce quiz a été pris 117 fois
  • Le résultat moyen est 10 sur 20

Statistiques - réponses

Réponse% Correct
E.T. l'extra-terrestre
100%
Avatar
97%
Alien : Le 8ème Passager
94%
Star Wars I : La Menace fantôme
94%
La soupe aux choux
79%
Les Gardiens de la Galaxie
76%
Le Cinquième Élément
73%
Men in Black
63%
Mars Attacks !
59%
Le Gendarme et les Extraterrestres
48%
Paul
43%
La Guerre des mondes
38%
Star Trek
36%
Predators
34%
The Thing
18%
Signes
16%
Planète 51
15%
District 9
12%
Rencontres du troisième type
9%
Independence Day
8%

Distribution des résultats

Percentile par nombre de réponses

% des personnes avec chaque résultat

Votre développement - résultats

Vous n’avez pas pris ce quiz